Guess the Word #2 - Statistics

General Stats
  • This quiz has been taken 111 times
  • The average score is 28 of 33
Answer Stats
Answer % Correct
A
100%
A
100%
A
100%
E
95%
E
94%
E
94%
E
94%
I
93%
I
93%
I
93%
O
91%
O
91%
T
86%
L
85%
L
84%
S
84%
S
84%
S
84%
S
84%
S
84%
S
84%
P
83%
D
82%
M
82%
M
82%
R
82%
N
80%
N
80%
C
79%
C
79%
G
76%
F
61%
W
54%
No matching quizzes found
Score Distribution
Percent of People with Each Score
Percentile by Number Answered
Your Score History
You have not taken this quiz